Statistiques concernant Séries commençant par la lettre F

Cliquez ici pour prendre le quiz!

Statistiques générales

  • Ce quiz a été pris 174 fois
  • Le résultat moyen est 6 sur 10

Statistiques - réponses

Réponse% Correct
Friends
99%
Franklin
98%
Flash
95%
Foot 2 rue
95%
Futurama
65%
Family Guy
64%
Fais pas ci, fais pas ça
36%
Famille d’accueil
26%
FBI: Duo très spécial
18%
FBI: Portés disparus
18%

Distribution des résultats

Percentile par nombre de réponses

% des personnes avec chaque résultat

Votre développement - résultats

Vous n’avez pas pris ce quiz